书目信息 |
| 题名: |
C/C++程序设计教程
|
|
| 作者: | 孙淑霞 , 何建军 , 肖阳春 编著 | |
| 分册: | ||
| 出版信息: | 北京 电子工业出版社 2006.01 |
|
| 页数: | 348页 | |
| 开本: | 26cm | |
| 丛书名: | ||
| 单 册: | ||
| 中图分类: | TP312C | |
| 科图分类: | ||
| 主题词: | C语言--C yu yan--程序设计--高等学校--教材 | |
| 电子资源: | ||
| ISBN: | 7-121-00596-4 | |
| 000 | 00982nam0 2200253 450 | |
| 001 | 012006044094 | |
| 005 | 20060313141124.98 | |
| 010 | @a7-121-00596-4@dCNY29.00 | |
| 100 | @a20060313d2006 km y0chiy0120 ea | |
| 101 | 0 | @achi |
| 102 | @aCN@b110000 | |
| 105 | @aa z 000yy | |
| 200 | 1 | @aC/C++程序设计教程@AC/C++cheng xu she ji jiao cheng@f孙淑霞, 何建军, 肖阳春编著@Fsun shu xia,he jian jun,xiao yang chun bian zhu |
| 210 | @a北京@c电子工业出版社@d2006.01 | |
| 215 | @a348页@c图@d26cm | |
| 300 | @a高等学校计算机教材 | |
| 330 | @a本书主要内容包括:C语言简单程序的编写和调试、C语言程序设计基础、控制结构、数组、指针、编译预处理与变量的存储类型、文件、结构体和共用体、图形程序设计基础、C++程序设计基础等。 | |
| 606 | 0 | @aC语言@AC yu yan@x程序设计@x高等学校@j教材 |
| 690 | @aTP312C@v4 | |
| 701 | 0 | @a孙淑霞@Asun shu xia@4编著 |
| 701 | 0 | @a何建军@Ahe jian jun@4编著 |
| 701 | 0 | @a肖阳春@Axiao yang chun@4编著 |
| 801 | 0 | @aCN@bQSSK@c20060313 |
| 905 | @a10447@dTP312C@eS947 | |
| C/C++程序设计教程/孙淑霞, 何建军, 肖阳春编著.-北京:电子工业出版社,2006.01 |
| 348页:图;26cm |
| 高等学校计算机教材 |
| ISBN 7-121-00596-4:CNY29.00 |
| 本书主要内容包括:C语言简单程序的编写和调试、C语言程序设计基础、控制结构、数组、指针、编译预处理与变量的存储类型、文件、结构体和共用体、图形程序设计基础、C++程序设计基础等。 |
| ● |
| 相关链接 |
|
|
|
正题名:C/C++程序设计教程
索取号:TP312C/S947
 
预约/预借
| 序号 | 登录号 | 条形码 | 馆藏地/架位号 | 状态 | 备注 |
| 1 | 555625 | 205556254 | 自科库301/301自科库 48排5列1层/ [索取号:TP312C/S947] | 在馆 | |
| 2 | 555626 | 205556263 | 自科库301/301自科库 54排6列1层/ [索取号:TP312C/S947] | 在馆 | |
| 3 | 555627 | 205556272 | 自科库301/301自科库 54排6列1层/ [索取号:TP312C/S947] | 在馆 |